000 00642nam a2200277Ia 4500
005 20260324122542.0
008 008 260324s9999 xx 000 0 eng d
020 _a9780203798072
037 _aEBOOK
040 _aCRL
040 _beng
040 _cCRL
041 _2eng
041 _aeng
084 _qCRL
100 _aAnders Wivel; Lee Miles
_91166887
245 0 _aDenmark and the European Union
260 _bTaylor and Francis
260 _c2013
365 _a
365 _b240
856 _uhttp://www.taylorfrancis.com/books/9780203798072
942 _cEBOOK
999 _c1759725
_d1759725